000 01482nam a22002537a 4500
999 _c177458
_d177458
005 20210408111822.0
010 _aB-739360-362 B-739586
020 _a8188318736
_c450.00
035 _aB-739360-362
035 _aB-739586
037 _bअनुराग प्रकाशन
037 _bडी.बी.ए.डी./ उपहार
082 _a808.4
100 _aबंद्रवाल, प्रवीण कुमार
245 _aलक्ष्य हिन्दी निबंध/
_cप्रवीण कुमार ब्रंद्रवाल
246 _aLakshya Hindi Nibandh
_bby Praveen Kumar Bandrawal
260 _aनई दिल्ली
_bसन शाइन बुक्स
_c2017
270 _a4760-61,द्वितीय तल, 23,अंसारी रोड,दरियागंज,
_bनई दिल्ली
_e110002
300 _a200पृ.
_c22सेमी (सजिल्द)
650 _aHindi Nibandh
942 _adpl
_cHN
_2ddc
_h808.4
_mबंद्रवा